| 000 | 00879naa a22002537u 4500 | ||
|---|---|---|---|
| 001 | 06442 | ||
| 003 | HDC | ||
| 007 | cr cn ---aaaaa | ||
| 008 | 210123p2012 ||||| |||| 00| 0 eng d | ||
| 040 | _aHDC | ||
| 100 |
_aHunter, Murray _eauthor _96896 |
||
| 245 | 4 |
_aThe Emerging Halal Cosmetic and Personal Care Market / by _cMurray Hunter |
|
| 260 |
_a[no place] : _b[publisher not identified], _c2012 |
||
| 300 | _a1 online resource ( 5 pages) | ||
| 336 |
_atext _2rdacontent |
||
| 337 |
_acomputer _2rdamedia |
||
| 338 |
_aonline resource _2rdacarrier |
||
| 650 |
_aHalal cosmetic _95164 |
||
| 650 |
_aPersonal care industry _zMalaysia _96897 |
||
| 856 | _zRequest full-text at [email protected] | ||
| 942 | _2lcc | ||
| 942 | _cAR | ||
| 942 | _kEMAG 000267 | ||
| 999 |
_c3766 _d3766 |
||